01018cam a2200265 a 450000100060000000300080000600500170001400800410003103500190007203500140009104000290010504100080013408200190014210000400016124500700020126001030027130000290037450400510040365000320045465100410048665100530052794200120058099900170059295201430060921704BD-RjUL20211209000722.0140305r19491947enkb b 001 0 eng d a(BD-RjUL)21769 a(BD-RjUL) aSUSAbengcSUSAdBD-RjUL aeng14a911.4219bPOH1 aPounds, Norman John Greville91014513aAn historical and political geography of Europe /cNorman Pounds. aLondon :bGeorge G. Harrap in association with Chanticleer Press, New York,c1947 [reprinted 1949] a540 p. :bmaps ;c21 cm. aIncludes bibliographical references and index. 0aGeopoliticszEurope.967036 0aEuropexHistorical geography.967037 0aEuropexPolitics and governmentxHistory.967038 2ddccBK c21704d21704 00102ddc40728NFICaRUCLbRUCLcReadingd1956-01-31eP.C.B.D. Daccag15.10l0o911.4 POH 1949r2014-03-05 00:00:00tC-1w2014-03-05yBK